Normal view
MARC view
Entry Topical Term
001 - CONTROL NUMBER
- control field: 36710
003 - CONTROL NUMBER IDENTIFIER
- control field: ARRUPE
005 - DATE AND TIME OF LATEST TRANSACTION
- control field: 20171005111934.0
008 - FIXED-LENGTH DATA ELEMENTS
- fixed length control field: 171005|| aca||aabn | a|a d
040 ## - CATALOGING SOURCE
- Original cataloging agency: ARRUPE
- Transcribing agency: ARRUPE
150 ## - HEADING--TOPICAL TERM
- Topical term or geographic name as entry element: City and town life
- General subdivision: Fiction.
- Geographic subdivision: Southern States
670 ## - SOURCE DATA FOUND
- Source citation: Work cat.: (ARRUPE)0: Basso, Hamilton, 1904-1964. 36708, The view from Pompey's Head /, 1998.